00462nam a22001577a 450000500170000000800410001702000180005804000210007605000240009710000280012124500390014925000130018826000490020130000100025065000440026020230412134659.0230412b |||||||| |||| 00| 0 eng d a9781405873505 cChuka university aKD 3930 b.B73 2010 aEwing K.D, Bradley A.W. aConstitution & Administrative Law/ a15th ed. aEngland, UKbPearson Education Limitedc2011 a804p. aConstitutional and Administrative Law